LEADER 00853nam a2200193 i 4500 001 000000238874 003 CaOOAMICUS 005 20150216000000.0 008 150216s1693 it u000 u ita u 013 $a217779 026 $anala 67e- tos- runo (3) 1765 (R) 040 $aSeMil$bita 245 10$aParte 2. 300 $aXXII, [2], 333, [3] p. 500 $aFront. inciso compreso nella num. delle p. - Segn. : *12 A-O12. 773 0 $aTosi, Andrea $tStato presente o sia La relazione della Corte di Roma gia pubblicata dal cav. Lunadoro. Ora rinovata, ed ampiamente accresciuta da Andrea Tosi veneziano. Parte 1. [-2.].$dIn Roma : A spese di Venanzio Monaldini, 1765$g2$w()31388 850 $aSeMil 852 $aSeMil$W1$xVenegono$y1$m3D I 137 FA$j189220$B189220$CSeMilBibl$Z2$F200018 $8I 996 $6245$aParte 2$9(OLS)http://semarc/title/108333 LEADER 01945nam a2200313 i 4500 001 000000016809 003 CaOOAMICUS 005 20220830122336.0 008 180830s1996 it u000 u ita u 020 $a88-237-8025-X 040 $aSeMil$bita 100 1 $aGassman, Vittorio,$d<1922-2000>.$0(OLS)http://semarc/name/7731 245 10$aDire la Parola /$cVittorio Gassman, Franco Giacobini, Angela Goodwin. 260 $aRoma :$bSocietà biblica britannica & forestiera,$ccopyr. 1996. 300 $a1 kit (2 v., 4 audiocassette) ;$cin raccoglitore, 26x21x3 cm. 500 $aTitolo e formulazioni di responsabilità dalla copertina del raccoglitore. - Raccoglitore e singole parti DISPONIBILI SU RICHIESTA AL DIRETTORE, che ne indicherà le condizioni. COLLOCAZIONE IN UFFICIO. 650 4$aBibbia - Dizione.$0(OLS)http://semarc/subject/2749 700 1 $aGoodwin, Angela.$0(OLS)http://semarc/name/7733 700 1 $aGiacobini, Franco.$0(OLS)http://semarc/name/7732 774 0 $aGiacobini, Franco$tCome far parlare la Bibbia.$dRoma : Società biblica britannica & forestiera, copyr. 1996.$g[Volume 1]$w()154864 774 0 $tRacconto di Vittorio Gassman.$dRoma : Società biblica britannica & forestiera, copyr. 1996.$g[Volume 2]$w()155624 774 0 $tRacconto di Vittorio Gassman.$d[Roma] : SIAE, copyr. 1996.$g[Audiocassetta]3$w()155625 774 0 $tRacconto di Vittorio Gassman.$d[Roma] : SIAE, copyr. 1996.$g[Audiocassetta]4$w()155627 774 0 $aGiacobini, Franco$tCome far parlare la Bibbia.$d[Roma] : SIAE, copyr. 1996.$g[Audiocassetta]1$w()155628 774 0 $aGiacobini, Franco$tCome far parlare la Bibbia.$d[Roma] : SIAE, copyr. 1996.$g[Audiocassetta]2$w()155630 996 $6020$a88-237-8025-X$9(OLS)http://semarc/number/1071 996 $6245$aDire la Parola$9(OLS)http://semarc/title/22239 996 $6260$aRoma :$bSocietà biblica britannica & forestiera$9(OLS)http://semarc/publisher/34498